[Event "DEM U16w 2004"]
[Site "Willingen GER"]
[Date "2004.06.01"]
[Round "4"]
[White "Chin, Karin"]
[Black "Rath, Alina"]
[Result "1-0"]
[Termination "normal"]
[Board "6"]
[WhiteElo "1864"]
[BlackElo "1685"]
[PlyCount "51"]
[WhiteFideId "24608157"]
[BlackFideId "24607886"]
[EventCountry "GER"]
[EventRounds "9"]
[EventType "swiss"]
[EventDate "2004.05.29"]

1. e4 c5 2. Nf3 d6 3. d4 cxd4 4. Nxd4 Nf6 5. Nc3 Nc6 6. Be3 Bd7 7. Be2 a6 8.
O-O g6 9. h3 Bg7 10. Qd2 O-O 11. f4 b5 12. a3 Rc8 13. Rad1 Na5 14. Nf3 Be6 15.
Ng5 Bc4 16. Bd3 Qc7 17. Qf2 Nb7 18. Bd4 Nc5 19. Bxc4 bxc4 20. e5 Ne8 21. Nd5
Qb7 22. exd6 exd6 23. Bxg7 Kxg7 24. f5 gxf5 25. Qxf5 Rh8 26. Nxf7 1-0

[Event "DEM U16w 2004"]
[Site "Willingen GER"]
[Date "2004.06.01"]
[Round "4"]
[White "Gasch, Franziska"]
[Black "Tischer, Jana"]
[Result "1/2-1/2"]
[Termination "normal"]
[Board "7"]
[WhiteElo "1656"]
[BlackElo "1721"]
[PlyCount "51"]
[WhiteFideId "24632139"]
[BlackFideId "24617164"]
[EventCountry "GER"]
[EventRounds "9"]
[EventType "swiss"]
[EventDate "2004.05.29"]

1. e4 c5 2. d4 cxd4 3. c3 dxc3 4. Nxc3 Nc6 5. Nf3 e6 6. Bc4 Qc7 7. O-O Nf6 8.
Qe2 Ng4 9. Nb5 Qb8 10. h3 h5 11. g3 Bc5 12. Kg2 Nf6 13. e5 a6 14. exf6 axb5 15.
fxg7 Rg8 16. Bxb5 Rxg7 17. Bxc6 bxc6 18. Qc2 Bd6 19. Qc3 Rg8 20. Qf6 Be7 21.
Qh6 Bb7 22. Qxh5 c5 23. Kh2 Bf6 24. Ng5 Bxg5 25. Bxg5 Qe5 26. h4 1/2-1/2

[Event "DEM U16w 2004"]
[Site "Willingen GER"]
[Date "2004.06.01"]
[Round "4"]
[White "Herkt, Julia"]
[Black "Albano Jeremias, Bianca"]
[Result "0-1"]
[Termination "normal"]
[Board "8"]
[WhiteElo "1581"]
[BlackElo "1694"]
[PlyCount "96"]
[BlackFideId "24634247"]
[EventCountry "GER"]
[EventRounds "9"]
[EventType "swiss"]
[EventDate "2004.05.29"]

1. e4 e6 2. d4 d5 3. Nc3 Nf6 4. Bg5 Bb4 5. Nge2 dxe4 6. a3 Bxc3+ 7. Nxc3 Nc6 8.
Bb5 Bd7 9. Nxe4 a6 10. Be2 Qe7 11. O-O O-O-O 12. c3 h6 13. Bxf6 gxf6 14. Nc5
Na5 15. b4 Nc6 16. b5 axb5 17. a4 b6 18. axb5 Na5 19. Nb3 Nxb3 20. Qxb3 Be8 21.
Ra7 Qd6 22. Bf3 Kd7 23. d5 e5 24. Bg4+ Ke7 25. Qc4 Qxd5 26. Qxc7+ Kf8 27. Qe7+
Kg7 28. c4 Qxc4 29. Qxd8 Qxf1+ 30. Kxf1 Bxb5+ 31. Ke1 Rxd8 32. Be6 Be8 33. Rb7
b5 34. g4 Kg6 35. Bb3 Rd4 36. f3 Bc6 37. Bxf7+ Kg5 38. Rb6 Bxf3 39. h4+ Kxh4
40. Rxf6 Kg3 41. Bb3 Bxg4 42. Rxh6 e4 43. Rc6 e3 44. Rc3 Kf4 45. Bc2 e2 46. Bd3
b4 47. Rc4 Rxc4 48. Bxc4 Ke3 0-1

[Event "DEM U16w 2004"]
[Site "Willingen GER"]
[Date "2004.06.01"]
[Round "4"]
[White "Neldner, Uta"]
[Black "Dauer, Christina"]
[Result "1/2-1/2"]
[Termination "normal"]
[Board "9"]
[WhiteElo "1683"]
[BlackElo "1563"]
[PlyCount "48"]
[WhiteFideId "24604070"]
[BlackFideId "24609781"]
[EventCountry "GER"]
[EventRounds "9"]
[EventType "swiss"]
[EventDate "2004.05.29"]

1. e4 e6 2. d4 d5 3. Nc3 dxe4 4. Nxe4 Nd7 5. Nf3 Ngf6 6. Bd3 c5 7. O-O Be7 8.
Qe2 O-O 9. dxc5 Nxc5 10. Nxc5 Bxc5 11. Bg5 Be7 12. Rad1 Qa5 13. a3 Rd8 14. Rd2
Bd7 15. Rfd1 Bc6 16. Bh4 Rac8 17. Ne5 Be4 18. Nc4 Bxd3 19. Rxd3 Qc7 20. Ne3 h6
21. Bg3 Qb6 22. Nc4 Qc5 23. Ne3 Qb6 24. Nc4 Qc5 1/2-1/2

[Event "DEM U16w 2004"]
[Site "Willingen GER"]
[Date "2004.06.01"]
[Round "4"]
[White "Nischik, Natascha"]
[Black "Tovmasian, Nelli"]
[Result "0-1"]
[Termination "normal"]
[Board "10"]
[WhiteElo "1300"]
[BlackElo "1612"]
[PlyCount "110"]
[WhiteFideId "4633849"]
[BlackFideId "24611735"]
[EventCountry "GER"]
[EventRounds "9"]
[EventType "swiss"]
[EventDate "2004.05.29"]

1. c4 g6 2. Nc3 Bg7 3. Nf3 Nf6 4. g3 O-O 5. Bg2 c6 6. O-O d6 7. d3 Qc7 8. Bd2
Nbd7 9. Qc1 Nb6 10. Bh6 Rd8 11. Bxg7 Kxg7 12. Rd1 Bg4 13. b3 d5 14. cxd5 Nbxd5
15. Nxd5 Rxd5 16. Qb2 Kg8 17. Rdc1 Rad8 18. Rc2 Bxf3 19. Bxf3 R5d6 20. Rac1 Ne8
21. b4 Qd7 22. a4 a6 23. a5 Nc7 24. Rc4 Ne6 25. Bg2 Ng7 26. Qc3 Ne6 27. Bh3 Nf4
28. Rxf4 Qxh3 29. Rh4 Qf5 30. Qd2 Rf6 31. Rf4 Qe6 32. Rxf6 Qxf6 33. Qc3 Qe6 34.
Qd2 Qd6 35. Rc4 Qf6 36. Qc3 Qe6 37. Re4 Qd6 38. Qc5 Qxc5 39. bxc5 e6 40. Rb4
Rd7 41. Kg2 Kg7 42. Kf3 f6 43. h4 Kf7 44. g4 e5 45. Ke4 Ke6 46. Kf3 f5 47. g5
Kd5 48. Rc4 e4+ 49. Ke3 Re7 50. f3 exd3+ 51. Kxd3 Rxe2 52. Kxe2 Kxc4 53. Ke3
Kxc5 54. Kf4 Kd4 55. h5 c5 0-1

[Event "DEM U16w 2004"]
[Site "Willingen GER"]
[Date "2004.06.01"]
[Round "4"]
[White "Imas, Denisa"]
[Black "Popovic, Nathalie"]
[Result "1-0"]
[Termination "normal"]
[Board "11"]
[WhiteElo "1063"]
[BlackElo "1497"]
[PlyCount "39"]
[BlackFideId "24630292"]
[EventCountry "GER"]
[EventRounds "9"]
[EventType "swiss"]
[EventDate "2004.05.29"]

1. d4 Nf6 2. c4 c5 3. Nc3 cxd4 4. Qxd4 Nc6 5. Qd1 g6 6. Nf3 Bg7 7. Bf4 a6 8. e3
O-O 9. Bd3 d5 10. Bxg6 fxg6 11. cxd5 Nb4 12. d6 Ne8 13. Qb3+ Kh8 14. Qxb4 Nxd6
15. Rd1 Qe8 16. Bxd6 exd6 17. Rxd6 Qf7 18. a3 Be6 19. O-O Rac8 20. Ng5 1-0

[Event "DEM U16w 2004"]
[Site "Willingen GER"]
[Date "2004.06.01"]
[Round "4"]
[White "Janiesch, Maike"]
[Black "Nguyen, Hoa-My"]
[Result "0-1"]
[Termination "normal"]
[Board "12"]
[WhiteElo "1361"]
[BlackElo "1657"]
[PlyCount "56"]
[EventCountry "GER"]
[EventRounds "9"]
[EventType "swiss"]
[EventDate "2004.05.29"]

1. d4 Nf6 2. c4 c5 3. d5 b5 4. Nd2 bxc4 5. e3 c3 6. bxc3 Nxd5 7. Qf3 e6 8. c4
Nb6 9. Bb2 Nc6 10. a3 Na4 11. Rb1 Nxb2 12. Rxb2 g6 13. Bd3 Bg7 14. Rb3 Ba6 15.
Be4 Ne5 16. Qd1 d5 17. cxd5 exd5 18. Bc2 O-O 19. Ne2 Qh4 20. O-O Qh5 21. Re1
Qh4 22. Nc3 Ng4 23. Nf3 Qxf2+ 24. Kh1 Nxe3 25. Rxe3 Qxe3 26. Nxd5 Qf2 27. Nc7
Rad8 28. Qg1 Qxc2 0-1

[Event "DEM U16w 2004"]
[Site "Willingen GER"]
[Date "2004.06.01"]
[Round "4"]
[White "Rüdel, Anita"]
[Black "Götze, Nadja"]
[Result "1/2-1/2"]
[Termination "normal"]
[Board "13"]
[WhiteElo "1556"]
[BlackElo "1435"]
[PlyCount "87"]
[EventCountry "GER"]
[EventRounds "9"]
[EventType "swiss"]
[EventDate "2004.05.29"]

1. e4 e6 2. d4 d5 3. exd5 exd5 4. Bd3 Nc6 5. c3 Bd6 6. Ne2 Bg4 7. Qb3 Nge7 8.
Qxb7 Rb8 9. Qa6 O-O 10. Qa4 Re8 11. O-O Rb6 12. Qc2 Ng6 13. Be3 Qh4 14. Ng3 Nf4
15. Bxf4 Bxf4 16. Na3 Ne7 17. h3 Rh6 18. Nf5 Nxf5 19. Bxf5 Bxf5 20. Qxf5 Rh5
21. Qd7 Rf8 22. Rae1 Bd6 23. Nb5 Rd8 24. Re8+ Rxe8 25. Qxe8+ Bf8 26. Nxa7 Rg5
27. Kh1 Rf5 28. Qe3 Rf6 29. Nb5 Re6 30. Qd2 c6 31. Nc7 Rg6 32. Na6 Qe4 33. Rg1
Bd6 34. Qe3 Qc2 35. b4 Qxa2 36. Nc5 Bxc5 37. bxc5 Re6 38. Qg3 h6 39. Qb8+ Kh7
40. Qg3 Qc2 41. Kh2 Rf6 42. f4 Qd2 43. Rf1 Re6 44. f5 1/2-1/2

[Event "DEM U16w 2004"]
[Site "Willingen GER"]
[Date "2004.06.01"]
[Round "5"]
[White "Hofmann, Annett"]
[Black "Butschek, Tanja"]
[Result "1-0"]
[Termination "normal"]
[Board "1"]
[WhiteElo "1992"]
[BlackElo "1748"]
[PlyCount "119"]
[WhiteFideId "24603759"]
[BlackFideId "24604640"]
[EventCountry "GER"]
[EventRounds "9"]
[EventType "swiss"]
[EventDate "2004.05.29"]

1. e4 c6 2. d4 d5 3. Nc3 dxe4 4. Nxe4 Nd7 5. Ng5 e6 6. Bd3 Ngf6 7. N1f3 Bd6 8.
Qe2 h6 9. Ne4 Nxe4 10. Qxe4 Nf6 11. Qe2 Qc7 12. Bd2 b6 13. O-O-O Bb7 14. Ne5
O-O-O 15. f4 c5 16. Be3 Bxe5 17. dxe5 Nd5 18. Bd2 g6 19. Rhf1 Kb8 20. g4 Ne7
21. Bc3 Rhg8 22. Rf2 Nd5 23. Bd2 Qc8 24. Rdf1 Rdf8 25. f5 g5 26. h4 gxh4 27.
Bxh6 Re8 28. Rh2 Nb4 29. Bc4 Bd5 30. Rxh4 Nc6 31. Bxd5 exd5 32. Bf4 Ka8 33. Re1
Nd4 34. Qg2 Qd8 35. Rh5 Rg7 36. c3 Nb5 37. c4 Nd4 38. cxd5 Reg8 39. d6+ Kb8 40.
g5 Qd7 41. e6 fxe6 42. fxe6 Nxe6 43. Rxe6 Qf7 44. Rf6 Qc4+ 45. Qc2 Qf1+ 46. Qd1
Qc4+ 47. Kb1 Qe4+ 48. Ka1 Rd7 49. Qh1 Qd3 50. a3 Re8 51. Rh8 Rxh8 52. Qxh8+ Kb7
53. Qh1+ Ka6 54. g6 Rg7 55. Qb1 Qd4 56. Qf1+ c4 57. Bh6 Rg8 58. g7 b5 59. d7+
Ka5 60. Qe1+ 1-0

[Event "DEM U16w 2004"]
[Site "Willingen GER"]
[Date "2004.06.01"]
[Round "5"]
[White "Winkelmann, Elena"]
[Black "Ohme, Melanie"]
[Result "1-0"]
[Termination "normal"]
[Board "2"]
[WhiteElo "1920"]
[BlackElo "2000"]
[PlyCount "85"]
[WhiteFideId "24607630"]
[BlackFideId "4690745"]
[EventCountry "GER"]
[EventRounds "9"]
[EventType "swiss"]
[EventDate "2004.05.29"]

1. d4 Nf6 2. c4 c5 3. d5 b5 4. cxb5 a6 5. e3 axb5 6. Bxb5 Qa5+ 7. Nc3 Bb7 8.
Bc4 e6 9. Kf1 Qb4 10. Be2 Nxd5 11. Bd2 Qb6 12. a3 Be7 13. Bf3 Nxc3 14. Bxc3 Bf6
15. Qc2 Na6 16. Rd1 d5 17. Ne2 Rd8 18. Bxf6 gxf6 19. Qa4+ Ke7 20. h4 Qxb2 21.
g4 d4 22. e4 Rhg8 23. Kg2 Qb6 24. Rb1 Qc7 25. Ng3 c4 26. e5 Bxf3+ 27. Kxf3 Nc5
28. exf6+ Kxf6 29. g5+ Ke7 30. Qxc4 Qc6+ 31. Kg4 Qd6 32. Rb5 Rc8 33. Re1 Kd7
34. Rc1 Na6 35. Rb7+ Nc7 36. Kh3 Kd8 37. Ne4 Qe5 38. Nf6 Rg6 39. Qc6 Qf5+ 40.
Kg2 Qxf6 41. Qd6+ Ke8 42. Rcxc7 Qd8 43. Rxc8 1-0

[Event "DEM U16w 2004"]
[Site "Willingen GER"]
[Date "2004.06.01"]
[Round "5"]
[White "Albano Jeremias, Bianca"]
[Black "Tovmasian, Nelli"]
[Result "0-1"]
[Termination "normal"]
[Board "5"]
[WhiteElo "1694"]
[BlackElo "1612"]
[PlyCount "44"]
[WhiteFideId "24634247"]
[BlackFideId "24611735"]
[EventCountry "GER"]
[EventRounds "9"]
[EventType "swiss"]
[EventDate "2004.05.29"]

1. e4 g6 2. d4 Bg7 3. Nc3 d6 4. f4 Nf6 5. a3 O-O 6. Nf3 b6 7. Bc4 Bb7 8. Qe2
Nxe4 9. Bxf7+ Rxf7 10. Nxe4 e5 11. fxe5 dxe5 12. dxe5 Qe8 13. Nfg5 Ba6 14. c4
Rf8 15. e6 Nc6 16. Qg4 Ne5 17. Qh3 h6 18. e7 Qxe7 19. Ne6 Nf7 20. O-O Bxc4 21.
Nxf8 Bxf1 22. Qf3 Rxf8 0-1

[Event "DEM U16w 2004"]
[Site "Willingen GER"]
[Date "2004.06.01"]
[Round "5"]
[White "Reiske, Anne"]
[Black "Gasch, Franziska"]
[Result "1/2-1/2"]
[Termination "normal"]
[Board "6"]
[WhiteElo "1842"]
[BlackElo "1656"]
[PlyCount "38"]
[WhiteFideId "24635472"]
[BlackFideId "24632139"]
[EventCountry "GER"]
[EventRounds "9"]
[EventType "swiss"]
[EventDate "2004.05.29"]

1. e4 d5 2. Nc3 d4 3. Nce2 e5 4. Ng3 Nf6 5. Bc4 Bd6 6. d3 Nbd7 7. N1e2 Nb6 8.
Bb3 Be6 9. c3 c5 10. Ba4+ Nxa4 11. Qxa4+ Bd7 12. Qb3 Qc7 13. Bd2 dxc3 14. bxc3
b6 15. O-O O-O 16. f4 exf4 17. Bxf4 Rae8 18. Bxd6 Qxd6 19. Nf4 Bg4 1/2-1/2

[Event "DEM U16w 2004"]
[Site "Willingen GER"]
[Date "2004.06.01"]
[Round "5"]
[White "Stemmler, Lysan"]
[Black "Dauer, Christina"]
[Result "1/2-1/2"]
[Termination "normal"]
[Board "7"]
[WhiteElo "1809"]
[BlackElo "1563"]
[PlyCount "76"]
[WhiteFideId "24622451"]
[BlackFideId "24609781"]
[EventCountry "GER"]
[EventRounds "9"]
[EventType "swiss"]
[EventDate "2004.05.29"]

1. e4 e6 2. d4 d5 3. Nc3 dxe4 4. Nxe4 Nd7 5. Bd3 Ngf6 6. Qe2 c5 7. Nxf6+ Nxf6
8. dxc5 Bxc5 9. Bd2 Bd7 10. Nf3 O-O 11. O-O-O a6 12. h4 Qb6 13. Bc3 Bb5 14.
Bxf6 gxf6 15. Bxh7+ Kxh7 16. Ng5+ Kg6 17. Qg4 Be3+ 18. Kb1 fxg5 19. hxg5 Bxg5
20. f4 Qc5 21. Qh5+ Kf6 22. fxg5+ Ke7 23. Qf3 Bc6 24. Qf6+ Ke8 25. g6 Qe7 26.
gxf7+ Qxf7 27. Qg5 Rg8 28. Qe5 Bxg2 29. Rhg1 Bf3 30. Rgf1 Bxd1 31. Rxf7 Bxc2+
32. Kxc2 Kxf7 33. Qc7+ Kf6 34. Qxb7 Rgc8+ 35. Kd3 a5 36. Qf3+ Ke7 37. Qb7+ Kf6
38. Qf3+ Ke7 1/2-1/2

[Event "DEM U16w 2004"]
[Site "Willingen GER"]
[Date "2004.06.01"]
[Round "5"]
[White "Tischer, Jana"]
[Black "Neldner, Uta"]
[Result "0-1"]
[Termination "normal"]
[Board "8"]
[WhiteElo "1721"]
[BlackElo "1683"]
[PlyCount "50"]
[WhiteFideId "24617164"]
[BlackFideId "24604070"]
[EventCountry "GER"]
[EventRounds "9"]
[EventType "swiss"]
[EventDate "2004.05.29"]

1. e4 c5 2. Nf3 Nc6 3. d4 cxd4 4. Nxd4 Nf6 5. Nc3 e5 6. Ndb5 d6 7. Bg5 a6 8.
Na3 b5 9. Bxf6 gxf6 10. Nd5 f5 11. Bxb5 axb5 12. Nxb5 Qh4 13. O-O Rb8 14. Ndc7+
Kd8 15. Qd5 Nd4 16. Nxd6 Kxc7 17. Ne8+ Kb6 18. Qxe5 Nf3+ 19. gxf3 Rg8+ 20. Kh1
Rb7 21. Qd4+ Bc5 22. Qe5 Qh3 23. Ng7 Qxf3+ 24. Kg1 f6 25. b4 Rbxg7+ 0-1

[Event "DEM U16w 2004"]
[Site "Willingen GER"]
[Date "2004.06.01"]
[Round "5"]
[White "Nguyen, Hoa-My"]
[Black "Imas, Denisa"]
[Result "1-0"]
[Termination "normal"]
[Board "9"]
[WhiteElo "1657"]
[BlackElo "1063"]
[PlyCount "25"]
[EventCountry "GER"]
[EventRounds "9"]
[EventType "swiss"]
[EventDate "2004.05.29"]

1. e4 e6 2. d4 d5 3. Nd2 dxe4 4. Nxe4 Nf6 5. Nxf6+ Qxf6 6. Nf3 Bd6 7. Bd3 h6 8.
O-O b6 9. Be4 c6 10. Re1 Bb7 11. d5 cxd5 12. Bxd5 Nc6 13. Bxc6+ 1-0

[Event "DEM U16w 2004"]
[Site "Willingen GER"]
[Date "2004.06.01"]
[Round "5"]
[White "Nuber, Helene"]
[Black "Donner, Lioba"]
[Result "1-0"]
[Termination "normal"]
[Board "10"]
[WhiteElo "2065"]
[BlackElo "1524"]
[PlyCount "73"]
[WhiteFideId "24613045"]
[EventCountry "GER"]
[EventRounds "9"]
[EventType "swiss"]
[EventDate "2004.05.29"]

1. e4 c5 2. Nc3 Nc6 3. g3 g6 4. Bg2 Bg7 5. d3 d6 6. f4 b6 7. Nf3 Bb7 8. Be3 f5
9. exf5 gxf5 10. Ng5 Qd7 11. Qh5+ Kd8 12. Nf7+ Kc7 13. Nxh8 Nf6 14. Qe2 Rxh8
15. O-O-O Ng4 16. Nd5+ Kb8 17. h3 Nxe3 18. Nxe3 e5 19. Qf2 Rf8 20. Rhf1 exf4
21. Qxf4 Be5 22. Qg5 Nd4 23. Bxb7 Kxb7 24. Rde1 Ne6 25. Qh5 Bxg3 26. Qf3+ Qc6
27. Qxg3 f4 28. Qg4 fxe3 29. Qxe6 Re8 30. Qf7+ Ka6 31. Qf3 Qa4 32. a3 Qd4 33.
Qf7 Qe5 34. Qc4+ b5 35. Qe4 Qxe4 36. dxe4 Rxe4 37. Rf3 1-0

[Event "DEM U16w 2004"]
[Site "Willingen GER"]
[Date "2004.06.01"]
[Round "5"]
[White "Rath, Alina"]
[Black "Herkt, Julia"]
[Result "1/2-1/2"]
[Termination "normal"]
[Board "11"]
[WhiteElo "1685"]
[BlackElo "1581"]
[PlyCount "75"]
[WhiteFideId "24607886"]
[EventCountry "GER"]
[EventRounds "9"]
[EventType "swiss"]
[EventDate "2004.05.29"]

1. c4 e5 2. Nc3 Nc6 3. g3 f5 4. Bg2 Nf6 5. d3 Bb4 6. Bd2 O-O 7. Nf3 d6 8. O-O
Qe8 9. a3 Bxc3 10. Bxc3 f4 11. b4 fxg3 12. fxg3 Qh5 13. Qd2 Bh3 14. b5 Bxg2 15.
Kxg2 Ne7 16. Bb4 Nf5 17. e4 Nd4 18. Nxd4 exd4 19. Rf5 Qg6 20. h3 h6 21. Raf1
Nh5 22. g4 Nf6 23. Kh2 Nd7 24. Qe2 Ne5 25. Bd2 Rf7 26. Rxf7 Nxf7 27. Qf2 h5 28.
gxh5 Qxh5 29. Bf4 Rf8 30. Qg3 Ne5 31. Rf2 Rf6 32. Bxe5 Rxf2+ 33. Qxf2 dxe5 34.
c5 Qd1 35. Qa2+ Kh8 36. Qc4 Qd2+ 37. Kg1 Qe3+ 38. Kg2 1/2-1/2

[Event "DEM U16w 2004"]
[Site "Willingen GER"]
[Date "2004.06.01"]
[Round "5"]
[White "Popovic, Nathalie"]
[Black "Rüdel, Anita"]
[Result "1/2-1/2"]
[Termination "normal"]
[Board "12"]
[WhiteElo "1497"]
[BlackElo "1556"]
[PlyCount "72"]
[WhiteFideId "24630292"]
[EventCountry "GER"]
[EventRounds "9"]
[EventType "swiss"]
[EventDate "2004.05.29"]

1. d4 e6 2. c4 d5 3. Nc3 Be7 4. cxd5 exd5 5. Qc2 Nf6 6. Bg5 O-O 7. e3 Nbd7 8.
Bd3 c6 9. Nf3 Re8 10. O-O Nf8 11. Bxf6 Bxf6 12. b4 b6 13. Rab1 Bb7 14. Rfc1 Qd6
15. Na4 Rac8 16. Bf5 Rb8 17. b5 cxb5 18. Rxb5 Ba6 19. Rbb1 Bc4 20. Nd2 b5 21.
Nc5 g6 22. Bg4 Bg7 23. a4 a6 24. axb5 axb5 25. Ra1 f5 26. Bf3 Ne6 27. Ra6 Rb6
28. Rxb6 Qxb6 29. Nxc4 dxc4 30. Bd5 Bf8 31. Bxe6+ Rxe6 32. Nxe6 Qxe6 33. Ra1
Qc6 34. Rc1 Qd5 35. Rb1 Qc6 36. Rc1 Qd5 1/2-1/2

[Event "DEM U16w 2004"]
[Site "Willingen GER"]
[Date "2004.06.01"]
[Round "5"]
[White "Götze, Nadja"]
[Black "Nischik, Natascha"]
[Result "1-0"]
[Termination "normal"]
[Board "13"]
[WhiteElo "1435"]
[BlackElo "1300"]
[PlyCount "39"]
[BlackFideId "4633849"]
[EventCountry "GER"]
[EventRounds "9"]
[EventType "swiss"]
[EventDate "2004.05.29"]

1. e4 d6 2. d4 Nf6 3. Nc3 g6 4. Bg5 Bg7 5. e5 dxe5 6. dxe5 Qxd1+ 7. Rxd1 Ng4 8.
h3 Nxe5 9. Nd5 Nd3+ 10. Rxd3 Be5 11. f4 Bd6 12. Bxe7 Bxe7 13. Nxc7+ Kf8 14.
Nxa8 Na6 15. a3 Bf5 16. Rd2 Bh4+ 17. Kd1 Bg3 18. Rd8+ Kg7 19. Rxh8 Kxh8 20.
Bxa6 1-0

[Event "DEM U16w 2004"]
[Site "Willingen GER"]
[Date "2004.06.02"]
[Round "6"]
[White "Winkelmann, Elena"]
[Black "Hofmann, Annett"]
[Result "1-0"]
[Termination "normal"]
[Board "1"]
[WhiteElo "1920"]
[BlackElo "1992"]
[PlyCount "49"]
[WhiteFideId "24607630"]
[BlackFideId "24603759"]
[EventCountry "GER"]
[EventRounds "9"]
[EventType "swiss"]
[EventDate "2004.05.29"]

1. d4 Nf6 2. c4 e6 3. Nf3 Bb4+ 4. Bd2 Qe7 5. g3 d5 6. cxd5 exd5 7. Bg2 O-O 8.
O-O Nbd7 9. a3 Bd6 10. Nc3 a5 11. Rc1 Nb6 12. Bg5 Re8 13. Re1 Qe6 14. Bxf6 Qxf6
15. e4 Qd8 16. exd5 Bd7 17. Ne5 f6 18. Nxd7 Qxd7 19. Ne4 Nxd5 20. Qb3 c6 21.
Nxd6 Rxe1+ 22. Rxe1 Qxd6 23. Qxb7 Qd8 24. Qxc6 Nc7 25. Qc4+ 1-0

[Event "DEM U16w 2004"]
[Site "Willingen GER"]
[Date "2004.06.02"]
[Round "6"]
[White "Butschek, Tanja"]
[Black "Großmann, Susan"]
[Result "1-0"]
[Termination "normal"]
[Board "2"]
[WhiteElo "1748"]
[BlackElo "1977"]
[PlyCount "131"]
[WhiteFideId "24604640"]
[BlackFideId "24608220"]
[EventCountry "GER"]
[EventRounds "9"]
[EventType "swiss"]
[EventDate "2004.05.29"]

1. e4 e5 2. Nf3 Nc6 3. Bb5 a6 4. Ba4 Nf6 5. O-O b5 6. Bb3 Be7 7. Re1 d6 8. c3
O-O 9. h3 Re8 10. d4 Bb7 11. Nbd2 Bf8 12. Bc2 exd4 13. cxd4 Nb4 14. a3 Nxc2 15.
Qxc2 h6 16. g4 d5 17. e5 Ne4 18. b4 a5 19. bxa5 Rxa5 20. Bb2 b4 21. axb4 Bxb4
22. Rxa5 Bxa5 23. Rd1 h5 24. Nb3 Bb6 25. Ba3 hxg4 26. hxg4 Qd7 27. Nh2 Ra8 28.
Bc5 Bxc5 29. Nxc5 Qc6 30. Rc1 Nxc5 31. Qxc5 Qxc5 32. Rxc5 Ra1+ 33. Kg2 c6 34.
Rc2 Kf8 35. f4 Ke7 36. Nf3 Ra5 37. Kf2 Rb5 38. f5 Rb6 39. Re2 Ba6 40. Re1 Bb5
41. e6 fxe6 42. Rxe6+ Kd8 43. Ne5 Rb7 44. Nxc6+ Bxc6 45. Rxc6 Ke7 46. Rg6 Kf7
47. Rd6 Rb5 48. Ke3 Ke7 49. Re6+ Kf7 50. Kf4 Rb1 51. Ke5 Rg1 52. Rg6 Re1+ 53.
Kxd5 Rd1 54. Ke5 Rd2 55. d5 Re2+ 56. Kd6 Rd2 57. Kc6 Rc2+ 58. Kd7 Rd2 59. d6
Rc2 60. Kd8 Rc6 61. Re6 Rc5 62. d7 Kg8 63. g5 Ra5 64. Kc7 Ra7+ 65. Kc6 Ra8 66.
Kb7 1-0

[Event "DEM U16w 2004"]
[Site "Willingen GER"]
[Date "2004.06.02"]
[Round "6"]
[White "Hoolt, Sarah"]
[Black "Ohme, Melanie"]
[Result "0-1"]
[Termination "normal"]
[Board "3"]
[WhiteElo "2074"]
[BlackElo "2000"]
[PlyCount "64"]
[WhiteFideId "24606812"]
[BlackFideId "4690745"]
[EventCountry "GER"]
[EventRounds "9"]
[EventType "swiss"]
[EventDate "2004.05.29"]

1. e4 c5 2. Nf3 e6 3. d4 cxd4 4. Nxd4 a6 5. Be2 Qc7 6. O-O b5 7. a3 Bb7 8. Nc3
Nc6 9. Kh1 Rc8 10. f4 d6 11. Be3 Nf6 12. Bf3 Nxd4 13. Qxd4 e5 14. Qd2 Be7 15.
Rad1 O-O 16. Qf2 Qc4 17. Nd5 Bxd5 18. exd5 exf4 19. Bd4 Qxc2 20. Qxc2 Rxc2 21.
Bc3 Bd8 22. Rd4 Bb6 23. Rxf4 Nd7 24. Bd1 Rc1 25. g3 Ne5 26. Kg2 Nc4 27. R4f3
Ne3+ 28. Rxe3 Bxe3 29. Kf3 Bh6 30. Be2 Rc2 31. Rf2 Re8 32. Bd4 Rd2 0-1

[Event "DEM U16w 2004"]
[Site "Willingen GER"]
[Date "2004.06.02"]
[Round "6"]
[White "Tovmasian, Nelli"]
[Black "Opaska, Ines"]
[Result "1-0"]
[Termination "normal"]
[Board "4"]
[WhiteElo "1612"]
[BlackElo "1692"]
[PlyCount "127"]
[WhiteFideId "24611735"]
[EventCountry "GER"]
[EventRounds "9"]
[EventType "swiss"]
[EventDate "2004.05.29"]

1. g3 f5 2. Bg2 Nf6 3. Nf3 g6 4. d3 Bg7 5. O-O O-O 6. c4 d6 7. Nc3 a5 8. Bd2 e5
9. Qc2 c6 10. Rab1 Na6 11. a3 Nc7 12. b4 axb4 13. axb4 Bd7 14. Ra1 Qe7 15. Qb3
Kh8 16. Rxa8 Rxa8 17. Ne1 Ne6 18. Nc2 Nd4 19. Qb2 Nxc2 20. Qxc2 Rc8 21. Qb1 Re8
22. b5 e4 23. Qb3 Qe6 24. Rb1 d5 25. bxc6 bxc6 26. Na4 Bf8 27. Be3 dxc4 28.
dxc4 Bd6 29. Nc5 Qe7 30. Nxd7 Nxd7 31. Bd4+ Be5 32. Bxe5+ Qxe5 33. Bf1 Rb8 34.
Qc2 Rxb1 35. Qxb1 Qc5 36. Qb2+ Kg8 37. e3 Ne5 38. Qc3 Kf7 39. Be2 Nf3+ 40. Kg2
Ne5 41. Qd4 Qxd4 42. exd4 Nd7 43. f3 Kf6 44. fxe4 fxe4 45. Kf2 Kf5 46. Ke3 h5
47. Bd1 Nb6 48. Be2 Nd7 49. h3 Nf6 50. Bd1 Ke6 51. Bc2 Kf5 52. Bxe4+ Nxe4 53.
g4+ hxg4 54. hxg4+ Kxg4 55. Kxe4 g5 56. d5 cxd5+ 57. cxd5 Kh3 58. d6 g4 59. d7
g3 60. Kf3 g2 61. d8=Q g1=N+ 62. Kf2 Kh2 63. Qh4+ Nh3+ 64. Kf1 1-0

[Event "DEM U16w 2004"]
[Site "Willingen GER"]
[Date "2004.06.02"]
[Round "6"]
[White "Neldner, Uta"]
[Black "Nguyen, Hoa-My"]
[Result "1-0"]
[Termination "normal"]
[Board "5"]
[WhiteElo "1683"]
[BlackElo "1657"]
[PlyCount "43"]
[WhiteFideId "24604070"]
[EventCountry "GER"]
[EventRounds "9"]
[EventType "swiss"]
[EventDate "2004.05.29"]

1. e4 c5 2. Nf3 d6 3. d4 cxd4 4. Nxd4 Nf6 5. Nc3 a6 6. Bg5 e6 7. Qf3 Be7 8. Qg3
Nc6 9. O-O-O Rb8 10. Nxc6 bxc6 11. e5 Nh5 12. Bxe7 Qxe7 13. Qg4 g6 14. Rxd6 O-O
15. Bc4 Ng7 16. Ne4 Nh5 17. Rhd1 a5 18. Qh3 f5 19. Nc5 Nf4 20. Qh6 Nd5 21. Ba6
Bxa6 22. Rd7 1-0

[Event "DEM U16w 2004"]
[Site "Willingen GER"]
[Date "2004.06.02"]
[Round "6"]
[White "Stemmler, Lysan"]
[Black "Chin, Karin"]
[Result "1-0"]
[Termination "normal"]
[Board "7"]
[WhiteElo "1809"]
[BlackElo "1864"]
[PlyCount "51"]
[WhiteFideId "24622451"]
[BlackFideId "24608157"]
[EventCountry "GER"]
[EventRounds "9"]
[EventType "swiss"]
[EventDate "2004.05.29"]

1. e4 c5 2. c3 Nf6 3. e5 Nd5 4. d4 cxd4 5. Nf3 e6 6. cxd4 d6 7. Nc3 Nxc3 8.
bxc3 Nd7 9. exd6 Bxd6 10. Bd3 O-O 11. O-O Qc7 12. c4 b6 13. Bb2 h6 14. d5 Nc5
15. Bc2 exd5 16. cxd5 Rd8 17. Rc1 Qd7 18. Bb1 Qa4 19. Bc2 Qd7 20. Qd4 Bf8 21.
Qh4 Bb7 22. Rfd1 Bxd5 23. Ng5 Qe7 24. Bh7+ Kh8 25. Qxh6 f6 26. Qh5 1-0